|
|
|
|
| LEADER |
01151nam a22003377a 4500 |
| 001 |
38875 |
| 003 |
BD-DhAAL |
| 005 |
20220705152149.0 |
| 008 |
220705t1980 nyu b 001 0 eng d |
| 999 |
|
|
|c 44533
|d 44533
|
| 010 |
|
|
|a 79026690
|
| 020 |
|
|
|a 0553144316
|
| 020 |
|
|
|a 0688035973
|
| 040 |
|
|
|a DLC
|c DLC
|d DLC
|d BD-DhAAL
|
| 050 |
0 |
0 |
|a HN17.5
|b .T643
|
| 082 |
0 |
0 |
|a 303.4
|
| 100 |
1 |
|
|a Toffler, Alvin.
|9 49863
|
| 245 |
1 |
4 |
|a The third wave /
|c Alvin Toffler.
|
| 250 |
|
|
|a First edition
|
| 260 |
|
|
|a New York :
|b Morrow,
|c 1980.
|
| 300 |
|
|
|a 537 pages ;
|c 24 cm.
|
| 500 |
|
|
|a Includes index.
|
| 504 |
|
|
|a Includes bibliographical references (pages 446-518) and index.
|
| 541 |
|
|
|a Donated By Akbar Ali Khan
|e 38875
|
| 650 |
|
0 |
|a Social history
|y 1945-
|9 49864
|
| 650 |
|
0 |
|a Social change.
|9 49865
|
| 650 |
|
0 |
|a Civilization, Modern
|y 1950-
|9 49866
|
| 650 |
|
0 |
|a Social sciences.
|9 49867
|
| 852 |
|
|
|a Ayesha Abed Library
|c Akbar Ali Khan Collection
|
| 942 |
|
|
|2 ddc
|c BK
|
| 952 |
|
|
|0 0
|1 0
|2 ddc
|4 0
|6 303_400000000000000_TOF
|7 1
|9 71188
|a BRACUL
|b BRACUL
|c AAKC
|d 2022-07-05
|e Donated by Akbar Ali Khan
|l 0
|o 303.4 TOF
|p 3010038875
|r 2022-07-05
|t 1
|w 2022-07-05
|y BK
|